Normal view MARC view

Entry Nombre corporativo

Number of records used in: 1

001 - NÚMERO DE CONTROL

  • campo de control: 25643

003 - IDENTIFICADOR DE NÚMERO DE CONTROL

  • campo de control: OSt

005 - FECHA Y HORA DE LA ÚLTIMA TRANSACCIÓN

  • campo de control: 20221005160517.0

008 - ELEMENTOS DE DATO DE LONGITUD-FIJA

  • campo de control de longitud fija: 221005|| aca||aabn | a|a d

040 ## - FUENTE DE CATALOGACIÓN

  • Centro catalogador/agencia de origen: OSt
  • Centro/agencia transcriptor: OSt

110 ## - ENCABEZAMIENTO-NOMBRE DE ENTIDAD CORPORATIVA

  • Nombre de entidad corporativa o nombre de jurisdicción como elemento de entrada: CONFERENCIA EL PAPEL DE LOS ORGANISMOS DE IGUALDAD EN LA LUCHA CONTRA LA DISCRIMINACION ETNICA Y RACIAL
  • Sede del congreso/Lugar de la reunión: Madrid
  • Fecha del congreso o de la firma del tratado: 2011

670 ## - FUENTE DE DATOS ENCONTRADOS

  • Cita de la fuente: Work cat.: (OSt)30924: CONFERENCIA EL PAPEL DE LOS ORGANISMOS DE IGUALDAD EN LA LUCHA CONTRA LA DISCRIMINACION ETNICA Y RACIAL Madrid 2011, Documento de debate :, [2011]

Powered by Koha